|
|
|
|
| LEADER |
00000cam a2200000 7i4500 |
| 001 |
0000075536 |
| 005 |
20101007.0 |
| 020 |
|
|
|a 9832639433
|
| 090 |
0 |
0 |
|a 658.4092
|b ABA
|
| 100 |
1 |
|
|a Ab.Aziz Yusof
|
| 245 |
1 |
0 |
|a Kepimpinan dalam mengurus perubahan :
|b dari dimensi kemanusiaan
|c Ab. Aziz Yusof
|
| 260 |
|
|
|a Petaling Jaya :
|b Pearson Malaysia Sdn. Bhd. ,
|c 2004
|
| 300 |
|
|
|a 244p. ;
|c 27cm.
|
| 650 |
0 |
0 |
|a Executive ability
|
| 650 |
0 |
0 |
|a Leadership
|
| 999 |
|
|
|a 00167384
|b BUKU
|c PINJAMAN
|e PERPUSTAKAAN KOMUNITI PETALING JAYA
|
| 999 |
|
|
|a 00170742
|b BUKU
|c PINJAMAN
|e PERPUSTAKAAN KOMUNITI PETALING JAYA
|
| 999 |
|
|
|a 00171564
|b BUKU
|c PINJAMAN
|e PERPUSTAKAAN KOMUNITI PETALING JAYA
|